[Event "Open Villa de Benasque 2018"]
[Site "Benasque ESP"]
[Date "2018.07.05"]
[Round "1.1"]
[White "Mayer Schwartz, Rene"]
[Black "Kuzubov, Yuriy"]
[Result "0-1"]
[WhiteElo "1986"]
[BlackElo "2660"]
[PlyCount "54"]
[EventDate "2018.07.05"]
[EventType "swiss"]
[EventRounds "10"]
[EventCountry "ESP"]
[SourceTitle "Ajedrez en Madrid"]
[Source "lmi"]
[SourceDate "2018.07.05"]
[SourceVersion "1"]
[SourceVersionDate "2018.07.14"]
[SourceQuality "1"]

1. c4 e5 2. g3 Nf6 3. Bg2 d5 4. cxd5 Nxd5 5. Nc3 Nb6 6. d3 Be7 7. Nf3 Nc6 8.
O-O O-O 9. b3 Re8 10. Bb2 Bf8 11. Rc1 Bg4 12. h3 Bh5 13. Nd2 Qd7 14. Nce4 Nd4
15. g4 Bg6 16. Ng3 c6 17. Nde4 Rad8 18. Qd2 Nd5 19. Rc4 f5 20. gxf5 Nxf5 21.
Nc5 Bxc5 22. Rxc5 Nf4 23. Rd1 Nh4 24. Bh1 Rf8 25. f3 Qxh3 26. Nf1 e4 27. Be5
Ne6 0-1

[Event "Open Villa de Benasque 2018"]
[Site "Benasque ESP"]
[Date "2018.07.05"]
[Round "1.2"]
[White "Iturrizaga Bonelli, Eduardo"]
[Black "Aledo Yanguas, David"]
[Result "1-0"]
[WhiteElo "2652"]
[BlackElo "1986"]
[PlyCount "71"]
[EventDate "2018.07.05"]
[EventType "swiss"]
[EventRounds "10"]
[EventCountry "ESP"]
[SourceTitle "Ajedrez en Madrid"]
[Source "lmi"]
[SourceDate "2018.07.05"]
[SourceVersion "1"]
[SourceVersionDate "2018.07.14"]
[SourceQuality "1"]

1. Nf3 Nf6 2. c4 e6 3. g3 b6 4. Bg2 Bb7 5. O-O Be7 6. b3 O-O 7. Bb2 d5 8. e3
Nbd7 9. Qe2 Nc5 10. d4 Nce4 11. Ne5 Nd7 12. f3 Nxe5 13. fxe4 Ng6 14. exd5 exd5
15. Nc3 c6 16. cxd5 cxd5 17. Rf5 Qd7 18. Raf1 Rad8 19. Nxd5 Bxd5 20. Rxd5 Qe6
21. Rxd8 Rxd8 22. e4 Rc8 23. e5 a5 24. Kh1 Qd7 25. d5 Bc5 26. e6 fxe6 27. dxe6
Qe8 28. Rf7 Bf8 29. h4 Nh8 30. Bd5 Rc5 31. Qe5 Nxf7 32. exf7+ Qxf7 33. Bxf7+
Kxf7 34. Qe4 Kg8 35. Qe6+ Kh8 36. Ba3 1-0

[Event "Open Villa de Benasque 2018"]
[Site "Benasque ESP"]
[Date "2018.07.05"]
[Round "1.3"]
[White "Diaz Rodriguez, Jose Antonio"]
[Black "Zubov, Alexander"]
[Result "0-1"]
[WhiteElo "1983"]
[BlackElo "2611"]
[PlyCount "30"]
[EventDate "2018.07.05"]
[EventType "swiss"]
[EventRounds "10"]
[EventCountry "ESP"]
[SourceTitle "Ajedrez en Madrid"]
[Source "lmi"]
[SourceDate "2018.07.05"]
[SourceVersion "1"]
[SourceVersionDate "2018.07.14"]
[SourceQuality "1"]

1. e4 c5 2. b3 b6 3. Nc3 Bb7 4. Bc4 e6 5. Qe2 a6 6. a4 Nc6 7. Nf3 Bd6 8. d3
Nge7 9. Be3 O-O 10. h4 Ng6 11. h5 Nf4 12. Bxf4 Bxf4 13. e5 Qc7 14. Bd5 Nd4 15.
Qe4 Nxf3+ 0-1

[Event "Open Villa de Benasque 2018"]
[Site "Benasque ESP"]
[Date "2018.07.05"]
[Round "1.4"]
[White "Prohaszka, Peter"]
[Black "Panades Catarineu, Oriol"]
[Result "1-0"]
[WhiteElo "2610"]
[BlackElo "1983"]
[PlyCount "67"]
[EventDate "2018.07.05"]
[EventType "swiss"]
[EventRounds "10"]
[EventCountry "ESP"]
[SourceTitle "Ajedrez en Madrid"]
[Source "lmi"]
[SourceDate "2018.07.05"]
[SourceVersion "1"]
[SourceVersionDate "2018.07.14"]
[SourceQuality "1"]

1. d4 Nf6 2. c4 c5 3. d5 b5 4. cxb5 a6 5. bxa6 Bxa6 6. Nc3 g6 7. e4 Bxf1 8.
Kxf1 d6 9. g3 Bg7 10. Kg2 O-O 11. Nf3 Qa5 12. h3 Nfd7 13. Bd2 Na6 14. a4 Nb4
15. b3 Rfb8 16. Rb1 Qb6 17. Nb5 Na6 18. h4 Nf6 19. Qe2 Nc7 20. Na3 Qa6 21. Nc4
Nd7 22. h5 Nb6 23. hxg6 hxg6 24. a5 Nd7 25. Bh6 Bf6 26. Qe3 Nb5 27. Bg5 Kf8 28.
Rh7 Ke8 29. e5 Nxe5 30. Bxf6 exf6 31. Nfxe5 fxe5 32. Nxe5 dxe5 33. Qxe5+ Kd8
34. Rxf7 1-0

[Event "Open Villa de Benasque 2018"]
[Site "Benasque ESP"]
[Date "2018.07.05"]
[Round "1.5"]
[White "Rafols Albet, Josep"]
[Black "Vocaturo, Daniele"]
[Result "0-1"]
[WhiteElo "1980"]
[BlackElo "2609"]
[PlyCount "54"]
[EventDate "2018.07.05"]
[EventType "swiss"]
[EventRounds "10"]
[EventCountry "ESP"]
[SourceTitle "Ajedrez en Madrid"]
[Source "lmi"]
[SourceDate "2018.07.05"]
[SourceVersion "1"]
[SourceVersionDate "2018.07.14"]
[SourceQuality "1"]

1. b3 Nf6 2. Bb2 g6 3. e3 c5 4. f4 Bg7 5. Nf3 O-O 6. Bd3 e6 7. O-O b6 8. Nc3
Bb7 9. Qe1 Nc6 10. a3 d5 11. Ne2 Ne8 12. Bxg7 Nxg7 13. g4 f5 14. h3 a6 15. Kh2
Qe7 16. Rg1 fxg4 17. hxg4 e5 18. e4 Nd4 19. Nfxd4 cxd4 20. exd5 Bxd5 21. c4 Bb7
22. c5 bxc5 23. f5 gxf5 24. gxf5 Kh8 25. Rg6 Nxf5 26. Bxf5 Rxf5 27. Rg3 Qh4+
0-1

[Event "Open Villa de Benasque 2018"]
[Site "Benasque ESP"]
[Date "2018.07.05"]
[Round "1.6"]
[White "Banusz, Tamas"]
[Black "Gonzalez Manchon, Juan Miguel"]
[Result "1-0"]
[WhiteElo "2607"]
[BlackElo "1980"]
[PlyCount "74"]
[EventDate "2018.07.05"]
[EventType "swiss"]
[EventRounds "10"]
[EventCountry "ESP"]
[SourceTitle "Ajedrez en Madrid"]
[Source "lmi"]
[SourceDate "2018.07.05"]
[SourceVersion "1"]
[SourceVersionDate "2018.07.14"]
[SourceQuality "1"]

1. Nf3 Nf6 2. g3 g6 3. Bg2 Bg7 4. O-O O-O 5. d4 d6 6. c4 Nc6 7. Nc3 a6 8. d5
Na5 9. Nd2 c5 10. Rb1 Rb8 11. b3 b5 12. Bb2 e5 13. dxe6 fxe6 14. Nde4 Rb6 15.
cxb5 axb5 16. Qd2 Bb7 17. Nxf6+ Bxf6 18. Bxb7 Nxb7 19. e4 Na5 20. Rbd1 Qa8 21.
h4 Rd8 22. Qe2 Nc6 23. Qg4 Qc8 24. f4 Bd4+ 25. Kh1 Kh8 26. Rd2 Rb7 27. Kh2 Rf8
28. Qe2 b4 29. Nb5 Rxb5 30. Qxb5 Bxb2 31. Rxb2 Nd4 32. Qd3 Qd8 33. Qe3 Qb6 34.
Rd2 h5 35. f5 Kg7 36. f6+ Kf7 37. Qh6 Rg8 1-0

[Event "Open Villa de Benasque 2018"]
[Site "Benasque ESP"]
[Date "2018.07.05"]
[Round "1.7"]
[White "Escartin Lacasa, Jose"]
[Black "Baklan, Vladimir"]
[Result "0-1"]
[WhiteElo "1978"]
[BlackElo "2595"]
[PlyCount "106"]
[EventDate "2018.07.05"]
[EventType "swiss"]
[EventRounds "10"]
[EventCountry "ESP"]
[SourceTitle "Ajedrez en Madrid"]
[Source "lmi"]
[SourceDate "2018.07.05"]
[SourceVersion "1"]
[SourceVersionDate "2018.07.14"]
[SourceQuality "1"]

1. d4 Nf6 2. Nf3 g6 3. Bf4 d6 4. e3 Nh5 5. Bg5 h6 6. Bh4 g5 7. Nfd2 Ng7 8. Bg3
Nf5 9. Be2 Bg7 10. O-O Nd7 11. c3 c5 12. dxc5 Nxc5 13. e4 Nxg3 14. hxg3 O-O 15.
Na3 Bd7 16. Nac4 Bc6 17. Bf3 b5 18. Ne3 e6 19. Qc2 Rc8 20. Nb3 Na4 21. Nd4 Bd7
22. Qd2 Qb6 23. Rfd1 Rfd8 24. Rac1 b4 25. c4 a5 26. Rc2 Nc5 27. g4 a4 28. Rcc1
b3 29. a3 Rb8 30. Nf1 Be5 31. g3 Nb7 32. Bg2 Bxd4 33. Qxd4 Qxd4 34. Rxd4 e5 35.
Rd2 Bxg4 36. Ne3 Be6 37. Nd5 Bxd5 38. Rxd5 Kf8 39. Rcd1 Ke7 40. Rb5 Nc5 41.
Rxb8 Rxb8 42. Rd5 Rg8 43. Bf3 g4 44. Bg2 h5 45. Rd1 Rg6 46. Rd2 Rf6 47. Re2 Ne6
48. Re3 Nd4 49. Rd3 Kd7 50. Rd1 Kc6 51. Rxd4 exd4 52. e5+ Rf3 53. Bxf3+ gxf3
0-1

[Event "Open Villa de Benasque 2018"]
[Site "Benasque ESP"]
[Date "2018.07.05"]
[Round "1.8"]
[White "Gopal, G.N.."]
[Black "Gillis Onieva, Celia"]
[Result "1-0"]
[WhiteElo "2593"]
[BlackElo "1978"]
[PlyCount "71"]
[EventDate "2018.07.05"]
[EventType "swiss"]
[EventRounds "10"]
[EventCountry "ESP"]
[SourceTitle "Ajedrez en Madrid"]
[Source "lmi"]
[SourceDate "2018.07.05"]
[SourceVersion "1"]
[SourceVersionDate "2018.07.14"]
[SourceQuality "1"]

1. e4 e6 2. d4 d5 3. Nd2 Nf6 4. e5 Nfd7 5. Bd3 c5 6. c3 Nc6 7. Ngf3 cxd4 8.
cxd4 Qb6 9. O-O Nxd4 10. Nxd4 Qxd4 11. Nf3 Qb6 12. a3 Be7 13. Be3 Qd8 14. Qc2
b6 15. Bxh7 Ba6 16. Bd3 Rc8 17. Qe2 Bxd3 18. Qxd3 Rh5 19. Bd4 Qc7 20. Qd2 f6
21. Rac1 Qb8 22. Rxc8+ Qxc8 23. Re1 Kf7 24. b4 Qb8 25. Qe2 f5 26. Rc1 g5 27. h3
g4 28. Nh2 Qh8 29. Rc7 gxh3 30. g4 fxg4 31. Rxd7 Qc8 32. Rxa7 Qc1+ 33. Nf1 h2+
34. Kh1 Qf4 35. Qe3 Qf3+ 36. Qxf3+ 1-0

[Event "Open Villa de Benasque 2018"]
[Site "Benasque ESP"]
[Date "2018.07.05"]
[Round "1.10"]
[White "Chigaev, Maksim"]
[Black "Bertz, Uwe"]
[Result "1-0"]
[WhiteElo "2582"]
[BlackElo "1976"]
[PlyCount "69"]
[EventDate "2018.07.05"]
[EventType "swiss"]
[EventRounds "10"]
[EventCountry "ESP"]
[SourceTitle "Ajedrez en Madrid"]
[Source "lmi"]
[SourceDate "2018.07.05"]
[SourceVersion "1"]
[SourceVersionDate "2018.07.14"]
[SourceQuality "1"]

1. e4 e5 2. Bc4 Nf6 3. d3 Be7 4. Nf3 d6 5. O-O Bg4 6. h3 Bh5 7. Re1 O-O 8. Nbd2
Nc6 9. c3 a6 10. a4 Na5 11. Ba2 c5 12. Nf1 Rc8 13. g4 Bg6 14. Ng3 Qd7 15. Nf5
Bxf5 16. exf5 Kh8 17. Nd2 d5 18. Nf3 Nc6 19. Nxe5 Nxe5 20. Rxe5 Bd6 21. Re1
Rfe8 22. Bg5 Bb8 23. Qf3 Qc7 24. Kf1 c4 25. Rxe8+ Rxe8 26. Bxf6 gxf6 27. Qxd5
Rd8 28. Qxc4 Qh2 29. Qe4 Qxh3+ 30. Ke2 Kg7 31. Rh1 Bh2 32. Bd5 Kf8 33. Qf3
Qxf3+ 34. Bxf3 Bf4 35. Bxb7 1-0

[Event "Open Villa de Benasque 2018"]
[Site "Benasque ESP"]
[Date "2018.07.06"]
[Round "2.1"]
[White "Kuzubov, Yuriy"]
[Black "Gonzalez Laso, Adrian"]
[Result "1-0"]
[WhiteElo "2660"]
[BlackElo "2178"]
[PlyCount "43"]
[EventDate "2018.07.05"]
[EventType "swiss"]
[EventRounds "10"]
[EventCountry "ESP"]
[SourceTitle "Ajedrez en Madrid"]
[Source "lmi"]
[SourceDate "2018.07.05"]
[SourceVersion "1"]
[SourceVersionDate "2018.07.14"]
[SourceQuality "1"]

1. Nf3 e6 2. c4 f5 3. g3 Nf6 4. Bg2 d5 5. O-O Bd6 6. Nc3 O-O 7. d3 c6 8. e4
dxe4 9. dxe4 e5 10. c5 Bxc5 11. Qb3+ Kh8 12. Nxe5 Qe7 13. Nd3 Bb6 14. Bg5 Be6
15. Qc2 h6 16. Rae1 Qf7 17. Ne5 Qh5 18. exf5 Ng4 19. Ng6+ Kg8 20. Bh4 Bxf5 21.
Qb3+ Rf7 22. Re8+ 1-0

[Event "Open Villa de Benasque 2018"]
[Site "Benasque ESP"]
[Date "2018.07.06"]
[Round "2.2"]
[White "Barbera Estelles, Rosendo"]
[Black "Iturrizaga Bonelli, Eduardo"]
[Result "0-1"]
[WhiteElo "2178"]
[BlackElo "2652"]
[PlyCount "78"]
[EventDate "2018.07.05"]
[EventType "swiss"]
[EventRounds "10"]
[EventCountry "ESP"]
[SourceTitle "Ajedrez en Madrid"]
[Source "lmi"]
[SourceDate "2018.07.05"]
[SourceVersion "1"]
[SourceVersionDate "2018.07.14"]
[SourceQuality "1"]

1. c4 c5 2. Nc3 g6 3. g3 Bg7 4. Bg2 Nh6 5. h4 Nf5 6. h5 Nc6 7. d3 e6 8. h6 Bf6
9. Nf3 O-O 10. Ne4 Bh8 11. O-O b6 12. g4 Nfe7 13. Nd6 Qc7 14. Nb5 Qb8 15. Rb1
d5 16. Bg5 d4 17. Qd2 a6 18. Na3 f6 19. Bh4 e5 20. Nh2 Qd6 21. Nc2 a5 22. a3 a4
23. b4 axb3 24. Rxb3 Ra6 25. Rfb1 Nd8 26. Ne1 Be6 27. Qb2 Nc8 28. Nef3 Nf7 29.
Nd2 Qd7 30. g5 fxg5 31. Bg3 Nxh6 32. Ne4 Nf7 33. Nf3 h6 34. Nfd2 Qe7 35. Nf3
Bf5 36. Nfd2 h5 37. Qc1 Bg7 38. Nf3 Bxe4 39. dxe4 h4 0-1

[Event "Open Villa de Benasque 2018"]
[Site "Benasque ESP"]
[Date "2018.07.06"]
[Round "2.3"]
[White "Zubov, Alexander"]
[Black "Menendez Rey, Francisco Javier"]
[Result "1-0"]
[WhiteElo "2611"]
[BlackElo "2177"]
[PlyCount "55"]
[EventDate "2018.07.05"]
[EventType "swiss"]
[EventRounds "10"]
[EventCountry "ESP"]
[SourceTitle "Ajedrez en Madrid"]
[Source "lmi"]
[SourceDate "2018.07.05"]
[SourceVersion "1"]
[SourceVersionDate "2018.07.14"]
[SourceQuality "1"]

1. d4 d6 2. e4 Nf6 3. Nc3 c6 4. g3 g6 5. Bg2 Bg7 6. Nge2 O-O 7. O-O e5 8. h3
Re8 9. a4 a5 10. Be3 Be6 11. f4 Bc4 12. Rf2 exf4 13. Nxf4 Nbd7 14. Qf3 Qe7 15.
Re1 Qf8 16. g4 c5 17. g5 Nh5 18. Nxh5 cxd4 19. Nxg7 Qxg7 20. Bd2 dxc3 21. Bxc3
Ne5 22. Qg3 Qf8 23. Rd1 Qe7 24. Rfd2 Ra6 25. Kh2 f6 26. b3 Bf7 27. Bf1 Raa8 28.
Rxd6 1-0

[Event "Open Villa de Benasque 2018"]
[Site "Benasque ESP"]
[Date "2018.07.06"]
[Round "2.4"]
[White "Huber, Philipp"]
[Black "Prohaszka, Peter"]
[Result "0-1"]
[WhiteElo "2177"]
[BlackElo "2610"]
[PlyCount "68"]
[EventDate "2018.07.05"]
[EventType "swiss"]
[EventRounds "10"]
[EventCountry "ESP"]
[SourceTitle "Ajedrez en Madrid"]
[Source "lmi"]
[SourceDate "2018.07.05"]
[SourceVersion "1"]
[SourceVersionDate "2018.07.14"]
[SourceQuality "1"]

1. Nf3 d5 2. d3 Nf6 3. Nbd2 Bf5 4. Nh4 Bg6 5. e4 e6 6. Nxg6 hxg6 7. Qe2 c5 8.
exd5 Qxd5 9. Nf3 Nc6 10. c3 Rd8 11. Bg5 Be7 12. Bxf6 gxf6 13. Qe4 Qd6 14. Qa4
f5 15. Rd1 Bf6 16. Be2 Kf8 17. h4 b5 18. Qc2 b4 19. Rh3 bxc3 20. bxc3 Ne5 21.
Nxe5 Qxe5 22. d4 cxd4 23. cxd4 Qa5+ 24. Kf1 Kg7 25. h5 Bxd4 26. Qc4 Qe5 27. Qc1
f4 28. Qc6 Rc8 29. Qa4 Bb6 30. hxg6 Rxh3 31. gxh3 Kxg6 32. Bd3+ Kg7 33. Re1 Qd5
34. Be4 Qd2 0-1

[Event "Open Villa de Benasque 2018"]
[Site "Benasque ESP"]
[Date "2018.07.06"]
[Round "2.5"]
[White "Vocaturo, Daniele"]
[Black "Vega Gutierrez, Belinda"]
[Result "1-0"]
[WhiteElo "2609"]
[BlackElo "2165"]
[PlyCount "65"]
[EventDate "2018.07.05"]
[EventType "swiss"]
[EventRounds "10"]
[EventCountry "ESP"]
[SourceTitle "Ajedrez en Madrid"]
[Source "lmi"]
[SourceDate "2018.07.05"]
[SourceVersion "1"]
[SourceVersionDate "2018.07.14"]
[SourceQuality "1"]

1. e4 e5 2. Nf3 Nc6 3. d4 exd4 4. Nxd4 Bc5 5. Nb3 Bb6 6. Nc3 Nge7 7. Qe2 O-O 8.
Be3 Bxe3 9. Qxe3 d6 10. O-O-O a5 11. Bb5 f5 12. f4 fxe4 13. Qxe4 Bf5 14. Qf3
Nb4 15. Nd4 c6 16. Be2 d5 17. a3 Na6 18. g4 Bd7 19. Bxa6 Rxa6 20. Rhe1 Kh8 21.
f5 Ng8 22. Qg3 Qb8 23. Qxb8 Rxb8 24. Nf3 Nf6 25. Re7 Be8 26. Rde1 Raa8 27. g5
Nd7 28. Nd4 Nf8 29. Na4 Bh5 30. Nb6 Ra6 31. Nd7 Nxd7 32. Rxd7 Raa8 33. Ree7 1-0

[Event "Open Villa de Benasque 2018"]
[Site "Benasque ESP"]
[Date "2018.07.06"]
[Round "2.6"]
[White "Galiana Fernandez, Adrian"]
[Black "Banusz, Tamas"]
[Result "0-1"]
[WhiteElo "2167"]
[BlackElo "2607"]
[PlyCount "76"]
[EventDate "2018.07.05"]
[EventType "swiss"]
[EventRounds "10"]
[EventCountry "ESP"]
[SourceTitle "Ajedrez en Madrid"]
[Source "lmi"]
[SourceDate "2018.07.05"]
[SourceVersion "1"]
[SourceVersionDate "2018.07.14"]
[SourceQuality "1"]

1. e4 e5 2. Nf3 Nc6 3. Bb5 a6 4. Bxc6 dxc6 5. O-O Qf6 6. d4 exd4 7. Bg5 Qd6 8.
Nxd4 Be7 9. Bxe7 Nxe7 10. Nc3 Bd7 11. Nb3 Qxd1 12. Raxd1 b6 13. Nd2 O-O-O 14.
b4 f5 15. Rfe1 Rhe8 16. e5 Ng6 17. Nf3 Re7 18. Rd2 Rde8 19. Rde2 Kb7 20. h4 h5
21. a3 f4 22. Ne4 Bg4 23. Neg5 Nxh4 24. Nxh4 Bxe2 25. Rxe2 Rxe5 26. Rxe5 Rxe5
27. Nhf3 Re2 28. Nd4 Re1+ 29. Kh2 Ra1 30. Nde6 Rxa3 31. Nxg7 Rc3 32. Nxh5 Rc4
33. g4 fxg3+ 34. Kxg3 a5 35. bxa5 bxa5 36. Nf3 a4 37. Nd2 Rxc2 38. Nb1 Rb2 0-1

[Event "Open Villa de Benasque 2018"]
[Site "Benasque ESP"]
[Date "2018.07.06"]
[Round "2.7"]
[White "Baklan, Vladimir"]
[Black "Movileanu, Daniela"]
[Result "1-0"]
[WhiteElo "2595"]
[BlackElo "2161"]
[PlyCount "65"]
[EventDate "2018.07.05"]
[EventType "swiss"]
[EventRounds "10"]
[EventCountry "ESP"]
[SourceTitle "Ajedrez en Madrid"]
[Source "lmi"]
[SourceDate "2018.07.05"]
[SourceVersion "1"]
[SourceVersionDate "2018.07.14"]
[SourceQuality "1"]

1. e4 c5 2. Nf3 g6 3. d4 cxd4 4. Qxd4 Nf6 5. Nc3 Nc6 6. Qa4 d6 7. e5 dxe5 8.
Nxe5 Bg7 9. Bb5 O-O 10. Nxc6 bxc6 11. Bxc6 Bd7 12. Bxd7 Nxd7 13. Be3 Nb6 14.
Qe4 Qc7 15. O-O e6 16. a4 Rfc8 17. Bd4 Nc4 18. Nb5 Qe7 19. Bxg7 Kxg7 20. b3 Na5
21. Rad1 Rab8 22. Nd6 Rd8 23. Qe5+ f6 24. Qxa5 Rxd6 25. Rxd6 Qxd6 26. Qxa7+ Kg8
27. h3 Rb4 28. Re1 e5 29. Re4 Rd4 30. Rxd4 exd4 31. a5 Qf4 32. g3 Qe4 33. a6
1-0

[Event "Open Villa de Benasque 2018"]
[Site "Benasque ESP"]
[Date "2018.07.06"]
[Round "2.8"]
[White "Gomez Sanjuan, Hector Fernando"]
[Black "Gopal, G.N.."]
[Result "1/2-1/2"]
[WhiteElo "2165"]
[BlackElo "2593"]
[PlyCount "46"]
[EventDate "2018.07.05"]
[EventType "swiss"]
[EventRounds "10"]
[EventCountry "ESP"]
[SourceTitle "Ajedrez en Madrid"]
[Source "lmi"]
[SourceDate "2018.07.05"]
[SourceVersion "1"]
[SourceVersionDate "2018.07.14"]
[SourceQuality "1"]

1. d4 Nf6 2. c4 g6 3. Nc3 d5 4. cxd5 Nxd5 5. e4 Nxc3 6. bxc3 Bg7 7. Nf3 c5 8.
h3 O-O 9. Be2 b6 10. O-O Bb7 11. Qd3 Nd7 12. Be3 e6 13. e5 Bxf3 14. gxf3 Rc8
15. Qe4 Kh8 16. Rfd1 f5 17. Qf4 c4 18. a4 b5 19. axb5 Nb6 20. Qg5 Qd7 21. f4
Nd5 22. Bd2 Rc7 23. Rdb1 Rb8 1/2-1/2

[Event "Open Villa de Benasque 2018"]
[Site "Benasque ESP"]
[Date "2018.07.06"]
[Round "2.9"]
[White "Arne, Mike"]
[Black "Chigaev, Maksim"]
[Result "0-1"]
[WhiteElo "2162"]
[BlackElo "2582"]
[PlyCount "70"]
[EventDate "2018.07.05"]
[EventType "swiss"]
[EventRounds "10"]
[EventCountry "ESP"]
[SourceTitle "Ajedrez en Madrid"]
[Source "lmi"]
[SourceDate "2018.07.05"]
[SourceVersion "1"]
[SourceVersionDate "2018.07.14"]
[SourceQuality "1"]

1. d4 g6 2. c4 Bg7 3. Nc3 Nf6 4. e4 d6 5. h3 O-O 6. Be3 Na6 7. g4 e5 8. d5 c6
9. Nge2 cxd5 10. cxd5 Nc5 11. f3 a5 12. Nc1 Bd7 13. Nd3 Na6 14. Nf2 Qb8 15. Bb5
Nc7 16. Bxd7 Nxd7 17. a4 b5 18. axb5 Nxb5 19. Nxb5 Qxb5 20. Qe2 Qb7 21. Nd3 f5
22. gxf5 gxf5 23. Rg1 Kh8 24. Qd2 Nf6 25. Bg5 fxe4 26. Bxf6 Rxf6 27. fxe4 Bh6
28. Qc3 Qb6 29. Rg3 Raf8 30. Qxa5 Rf1+ 31. Ke2 R1f2+ 32. Ke1 Qxa5+ 33. Rxa5
Bd2+ 34. Kd1 Bxa5 35. Nxf2 Rxf2 0-1

[Event "Open Villa de Benasque 2018"]
[Site "Benasque ESP"]
[Date "2018.07.06"]
[Round "2.10"]
[White "Forcen Esteban, Daniel"]
[Black "Sesma Rubio, Patxi"]
[Result "1-0"]
[WhiteElo "2567"]
[BlackElo "2157"]
[PlyCount "63"]
[EventDate "2018.07.05"]
[EventType "swiss"]
[EventRounds "10"]
[EventCountry "ESP"]
[SourceTitle "Ajedrez en Madrid"]
[Source "lmi"]
[SourceDate "2018.07.05"]
[SourceVersion "1"]
[SourceVersionDate "2018.07.14"]
[SourceQuality "1"]

1. e4 e5 2. Bc4 Nf6 3. d3 Nc6 4. Nc3 Na5 5. Qf3 d6 6. h3 Nxc4 7. dxc4 c6 8. Bg5
Be7 9. Nge2 Nd7 10. Be3 Nc5 11. Qg3 Ne6 12. O-O Bh4 13. Qh2 Bf6 14. Rad1 Qc7
15. Rd2 O-O 16. Rfd1 Rd8 17. h4 b6 18. a4 Qe7 19. g3 g5 20. hxg5 Bxg5 21. f4
Bf6 22. Kf2 Nf8 23. f5 Ba6 24. b3 Bb7 25. Qh5 Bg7 26. g4 f6 27. Ng3 Rd7 28. Qh4
Rad8 29. g5 d5 30. exd5 Qb4 31. gxf6 Qxc3 32. Ne4 1-0

[Event "Open Villa de Benasque 2018"]
[Site "Benasque ESP"]
[Date "2018.07.07"]
[Round "3.1"]
[White "Garcia Blanco, Omar"]
[Black "Kuzubov, Yuriy"]
[Result "1/2-1/2"]
[WhiteElo "2336"]
[BlackElo "2660"]
[PlyCount "128"]
[EventDate "2018.07.05"]
[EventType "swiss"]
[EventRounds "10"]
[EventCountry "ESP"]
[SourceTitle "Ajedrez en Madrid"]
[Source "lmi"]
[SourceDate "2018.07.05"]
[SourceVersion "1"]
[SourceVersionDate "2018.07.14"]
[SourceQuality "1"]

1. e4 c6 2. d4 d5 3. exd5 cxd5 4. c4 Nf6 5. Nc3 g6 6. cxd5 Nxd5 7. Qb3 Nb6 8.
Bb5+ Bd7 9. a4 Bg7 10. Nf3 O-O 11. Bxd7 Qxd7 12. a5 Nc8 13. O-O Nd6 14. Bf4 Nc6
15. Rfd1 Rac8 16. a6 bxa6 17. Ne5 Qb7 18. Qxb7 Nxb7 19. Rxa6 Bxe5 20. dxe5 Nc5
21. Raa1 Rfd8 22. Rxd8+ Rxd8 23. Be3 Nd3 24. f4 Nxb2 25. Bxa7 Rd3 26. Ne4 Nxa7
27. Rxa7 Re3 28. Ng5 Nd3 29. g3 h6 30. Nh3 Re1+ 31. Kg2 Re2+ 32. Kg1 e6 33. Rd7
Nb4 34. Nf2 Nd5 35. Kf1 Ra2 36. Kg2 Kg7 37. Kf3 Ra3+ 38. Ke2 Ra2+ 39. Kf3 Kf8
40. Ng4 Ra3+ 41. Ke2 Kg7 42. Nf2 Nc3+ 43. Kf3 g5 44. Rd3 gxf4 45. gxf4 Nb5 46.
Rxa3 Nxa3 47. Ne4 Kg6 48. Nd6 Nb1 49. h3 Nc3 50. Ne8 Na4 51. Nd6 Nc5 52. Ke3
Nd7 53. Kf3 Kg7 54. Ke4 Nf8 55. f5 exf5+ 56. Kxf5 Ne6 57. Ne8+ Kf8 58. Nf6 Ng5
59. h4 Nf3 60. h5 Ng5 61. Ng4 Kg7 62. Nf6 Kf8 63. Ng4 Kg7 64. Nf6 Kf8 1/2-1/2

[Event "Open Villa de Benasque 2018"]
[Site "Benasque ESP"]
[Date "2018.07.07"]
[Round "3.2"]
[White "Iturrizaga Bonelli, Eduardo"]
[Black "Fenollar Jorda, Manuel"]
[Result "1-0"]
[WhiteElo "2652"]
[BlackElo "2352"]
[PlyCount "77"]
[EventDate "2018.07.05"]
[EventType "swiss"]
[EventRounds "10"]
[EventCountry "ESP"]
[SourceTitle "Ajedrez en Madrid"]
[Source "lmi"]
[SourceDate "2018.07.05"]
[SourceVersion "1"]
[SourceVersionDate "2018.07.14"]
[SourceQuality "1"]

1. c4 c6 2. b3 d5 3. Bb2 Bf5 4. Nf3 Nd7 5. g3 Ngf6 6. Bg2 e6 7. O-O Be7 8. d3
h6 9. Nbd2 O-O 10. a3 Bh7 11. b4 a5 12. Qb3 Qc7 13. Rfc1 axb4 14. axb4 Rfc8 15.
cxd5 exd5 16. Nd4 Qd8 17. Bc3 Bd6 18. Bh3 Rxa1 19. Rxa1 Ra8 20. Ra3 Bg6 21. Qa2
Rxa3 22. Qxa3 Bh5 23. f3 Qb6 24. N2b3 Kh7 25. Qa5 Qc7 26. Qxc7 Bxc7 27. Na5 c5
28. bxc5 Nxc5 29. Nb5 Bxa5 30. Bxa5 Nfd7 31. Nc7 d4 32. Bb4 g5 33. Kf2 Kg7 34.
Nb5 Ne6 35. Nxd4 Nxd4 36. Bxd7 Nc6 37. Bc5 f6 38. Bc8 b5 39. Bd7 1-0

[Event "Open Villa de Benasque 2018"]
[Site "Benasque ESP"]
[Date "2018.07.07"]
[Round "3.3"]
[White "Garcia Martin, Marta"]
[Black "Zubov, Alexander"]
[Result "1/2-1/2"]
[WhiteElo "2334"]
[BlackElo "2611"]
[PlyCount "130"]
[EventDate "2018.07.05"]
[EventType "swiss"]
[EventRounds "10"]
[EventCountry "ESP"]
[SourceTitle "Ajedrez en Madrid"]
[Source "lmi"]
[SourceDate "2018.07.05"]
[SourceVersion "1"]
[SourceVersionDate "2018.07.14"]
[SourceQuality "1"]

1. e4 d6 2. d4 Nf6 3. Nc3 g6 4. f4 Bg7 5. Nf3 O-O 6. e5 Nfd7 7. Bc4 Nb6 8. Bb3
Nc6 9. a4 a5 10. Ne4 Nb4 11. O-O c6 12. Bd2 Kh8 13. Qe1 d5 14. Nc5 Nc4 15. Bxb4
axb4 16. Qxb4 b6 17. Nd3 Ba6 18. Qe1 e6 19. c3 Nd6 20. Bc2 Ne4 21. Qe3 c5 22.
Rfe1 cxd4 23. Nxd4 Bxd3 24. Bxd3 Nc5 25. Bc2 Qe7 26. a5 Qb7 27. axb6 Qxb6 28.
b4 Nd7 29. Ba4 Qc7 30. Bc6 Rxa1 31. Rxa1 Nb6 32. Ra6 Nc4 33. Qe2 g5 34. Bb5 Nb6
35. Nc6 gxf4 36. Qf2 Nc8 37. Qc5 Rg8 38. Ra8 Bf8 39. Qf2 Bh6 40. Kf1 Qb7 41.
Rb8 Qc7 42. Qa2 Nb6 43. Rxg8+ Kxg8 44. Qa6 Bf8 45. Qa5 Qb7 46. Nd8 Qc7 47. Nc6
f6 48. exf6 Kf7 49. Ke2 Kxf6 50. Kf3 e5 51. Ke2 Bd6 52. Qa7 Qxa7 53. Nxa7 e4
54. Bc6 Ke6 55. Nb5 Be5 56. Bb7 Kf5 57. h3 h5 58. Bc6 h4 59. Bb7 Nc4 60. Bxd5
Ne3 61. Bg8 Kg6 62. Kf2 Nd1+ 63. Ke2 Nxc3+ 64. Nxc3 Bxc3 65. b5 Bd4 1/2-1/2